Vatican City True or False? - Statistics

General Stats
  • This quiz has been taken 34 times
  • The average score is 8 of 10
Answer Stats
Question Answer % Correct
The country is surrounded by the Italian city of Milan? False
100%
The Vatican was not neutral and sided with Italy during ww2? False
100%
The Vatican is also known as the holy see? True
100%
For the national to be independent a treaty was signed by Vittorio Emanuele Orlando? False
75%
Pope Francis is the president of the Vatican? False
75%
The Vatican's economy comes from import and export? False
75%
The Vatican is the smallest country in the world? True
75%
The largest building in the Vatican is the St Peter's Basilica? True
75%
Latin is one of the official languages of the Vatican? True
75%
The Vatican city is a UN recognised nation? False
50%
No matching quizzes found
Score Distribution
Percent of People with Each Score
Percentile by Number Answered
Your Score History
You have not taken this quiz